000 01727nam0a2200361 4500
001 RU\NLR\BIBL_A\022580710
005 20260420050455.0
010 _a978-5-7032-1524-1
_9300
021 _aRU
_bКН-П-25-020283
_9КН-П-25-2054
035 _a(NLR Aleph) 022580710
090 _a13677086
_c13677086
100 _a20250704d2024 k y0rusy50 ca
101 0 _aeng
102 _aRU
105 _aa j 000yy
181 0 _ai3
_baxxe
182 0 _an
200 1 _aHistory of Russia in the 20th century
_dИстория России XX в.
_eacademic manual
_fA. N. Kezhutin
_zrus
203 _aТекст
_bвизуальный
_cнепосредственный
210 _aНижний Новгород
_cИзд-во Приволжского исследовательского медицинского университета
_d2024
215 _a75, [1] с.
_cцв. ил.
_d20
300 _aАвт. также на рус. яз.: А. Н. Кежутин
320 _aБиблиогр. в конце кн. (16 назв.)
510 1 _6z45790
_aИстория России XX в.
_zrus
541 1 _aИстория России в 20 веке
607 _aРоссия
_jУчебно-методические пособия для высших учебных заведений
_xИстория
_z20 в.
_92083346
_3RU\NLR\AUTH\661259397
686 1 _aТ3(2)7я73
700 1 _7ba
_8rus
_aKežutin
_bA. N.
_cд-р ист. наук
_gAndrej Nikolaevič
_9246114
_3RU\NLR\AUTH\770246170
790 1 _7ca
_8rus
_aКежутин
_bА. Н.
_cд-р ист. наук
_gАндрей Николаевич
_9246115
_3RU\NLR\AUTH\770246171
942 _cBOOK
980 _aNB